What the History of Community Work for Community Work and Social Work in Contemporary Times Tells Us?

História komunitnej práce upozorňuje na vzťah medzi objektívnymi štruktúrami znevýhodneného obydlia oblasti správania, myslenia, vedomia a sebapochopenia jej obyvateľov kvôli ich znevýhodneným podmienkam bývania, a ako možno tieto podmienky zmeniť spolu s obyvateľmi. Článok je zameraný na rekonštruk...

Full description

Saved in:
Bibliographic Details
Main Author: Baum, Detlef
Format: Book Chapter
Language:English
Subjects:
Tags: Add Tag
No Tags, Be the first to tag this record!

MARC

LEADER 00000naa a2200000 4500
001 0291633
005 20240417075230.4
041 0 |a eng 
044 |a CZ 
245 1 0 |a What the History of Community Work for Community Work and Social Work in Contemporary Times Tells Us?  |c Detlef Baum 
520 |a História komunitnej práce upozorňuje na vzťah medzi objektívnymi štruktúrami znevýhodneného obydlia oblasti správania, myslenia, vedomia a sebapochopenia jej obyvateľov kvôli ich znevýhodneným podmienkam bývania, a ako možno tieto podmienky zmeniť spolu s obyvateľmi. Článok je zameraný na rekonštrukciu histórie komunitnej práce od svojho začiatku a v novšej histórii v Európe, najmä v Nemecku vo vzťahu k sociálnej práci a sociálnej politike. Historický vývoj komunitnej práce ako prístupu sociálno-priestorovej sociálnej práce na pozadí tzv. sociálnej zmeny v moderných spoločnostiach. Vývoj komunitnej práce k teoreticko-praktickému prístupu sociálnej práce v špecifických sociálno-priestorových kontextoch. 
610 2 0 |a práca sociálna 
610 2 0 |a pracovníci sociálni 
610 2 0 |a politika sociálna 
610 2 0 |a komunity 
610 2 0 |a práca komunitná 
610 2 0 |a obyvateľstvo 
610 2 0 |a história 
610 2 0 |a výskum 
100 1 |a Baum, Detlef